000 00551nam a22001817a 4500
005 20260302124903.0
010 _aBACCHEN26
020 _a9789370033412
_c295.00
037 _bRupa Publications
082 _21
_a294.44
100 _aAwasthi, Ananya
_988014
245 _aLiving the Vivekananda Way/
_cAnanya Awasthi [and] Nikhil Yadav
250 _a1
260 _aNew Delhi
_bRupa Publications
_c2025
270 _a7/16, Ansari Road, Daryaganj
_bNew Delhi
_e110002
300 _a154p.
_c20cm(pb)
942 _2ddc
_cEN
_mAWA
_h294.44
999 _c215205
_d215205